[Event "CZE-chT2D 1617"]
[Site "Czech Republic"]
[Date "2017.01.29"]
[Round "7.6"]
[White "Kaisler, Martin"]
[Black "Vesely, Vitek"]
[Result "0-1"]
[WhiteElo "2022"]
[BlackElo "2032"]
[PlyCount "78"]
[EventDate "2016.10.09"]
[EventType "team-tourn"]
[EventRounds "11"]
[EventCountry "CZE"]
[SourceTitle "EXT 2022"]
[Source "ChessBase"]
[SourceDate "2021.10.06"]
[SourceVersion "1"]
[SourceVersionDate "2021.10.06"]
[SourceQuality "1"]
[WhiteTeam "Lipa"]
[BlackTeam "Dalesice Pivovar"]
[WhiteTeamCountry "CZE"]
[BlackTeamCountry "CZE"]

1. d4 Nf6 2. c4 e6 3. Nc3 Bb4 4. f3 d5 5. e3 c5 6. a3 Bxc3+ 7. bxc3 0-0 8. Bd3 Re8 9. Ne2 Nc6 10. 0-0 Na5 11. cxd5 exd5 12. dxc5 Qc7 13. Nd4 Qxc5 14. Qc2 Bd7 15. Re1 Rac8 16. Bd2 Nc4 17. Bxc4 Qxc4 18. Qb3 Qa6 19. Rab1 b6 20. g4 Rc5 21. g5 Nh5 22. Ra1 g6 23. Qb1 Qc4 24. Qb3 Qd3 25. Qc2 Qa6 26. f4 Ba4 27. Qb1 Qc8 28. f5 Re4 29. Rf1 Qc7 30. Rf2 Rg4+ 31. Rg2 Rxg2+ 32. Kxg2 Qe7 33. Nf3 Rc4 34. f6 Qe6 35. Qd3 h6 36. Re1 hxg5 37. e4 Rxe4 38. Nxg5 Qg4+ 39. Kf2 Qh4+ 0-1

[Event "Janske Lazne op"]
[Site "Janske Lazne"]
[Date "2013.05.08"]
[Round "2"]
[White "Kotyza, Bohumil"]
[Black "Kaisler, Martin"]
[Result "1/2-1/2"]
[WhiteElo "1912"]
[BlackElo "2080"]
[PlyCount "27"]
[EventDate "2013.05.07"]
[EventType "swiss"]
[EventRounds "8"]
[EventCountry "CZE"]
[SourceTitle "CBM 154 Extra"]
[Source "ChessBase"]
[SourceDate "2013.06.25"]
[SourceVersion "2"]
[SourceVersionDate "2013.06.25"]
[SourceQuality "1"]

1. d4 Nf6 2. Bf4 g6 3. Nf3 Bg7 4. e3 0-0 5. Bd3 c5 6. c3 Nc6 7. Nbd2 d6 8. 0-0 Nh5 9. Bg5 Be6 10. dxc5 dxc5 11. Bc4 Bxc4 12. Nxc4 Qxd1 13. Raxd1 Rad8 14. g4 1/2-1/2

[Event "CZE-chT2C 1112"]
[Site "Czech Republic"]
[Date "2012.01.22"]
[Round "6.6"]
[White "Janda, Jiri"]
[Black "Kaisler, Martin"]
[Result "1-0"]
[WhiteElo "2232"]
[BlackElo "2081"]
[PlyCount "51"]
[EventDate "2011.10.09"]
[EventType "team-tourn"]
[EventRounds "11"]
[EventCountry "CZE"]
[SourceTitle "EXT 2013"]
[Source "ChessBase"]
[SourceDate "2012.11.22"]
[SourceVersion "1"]
[SourceVersionDate "2012.11.22"]
[SourceQuality "1"]
[WhiteTeam "Kobylisy"]
[BlackTeam "Horice"]
[WhiteTeamCountry "CZE"]
[BlackTeamCountry "CZE"]

1. e4 e6 2. d4 d5 3. Nc3 Bb4 4. e5 c5 5. Bd2 Ne7 6. Nb5 Bxd2+ 7. Qxd2 0-0 8. f4 cxd4 9. Nf3 Nbc6 10. 0-0-0 a6 11. Nbxd4 b5 12. Nxc6 Nxc6 13. Bd3 Qa5 14. Bxh7+ Kh8 15. Qf2 g6 16. h4 Qxa2 17. h5 g5 18. fxg5 Qa1+ 19. Kd2 Qxb2 20. Rb1 Qa3 21. Bd3 Qe7 22. Qe3 Rg8 23. g6 Rg7 24. Qh6+ Kg8 25. Qxg7+ Kxg7 26. h6+ 1-0

[Event "Hradec Kralove Region-chT 0506"]
[Site "Czech Republic"]
[Date "2006.03.19"]
[Round "10.5"]
[White "Kaisler, Martin"]
[Black "Prazak, Ludek"]
[Result "1/2-1/2"]
[WhiteElo "2127"]
[BlackElo "1945"]
[PlyCount "37"]
[EventDate "2005.10.23"]
[EventType "team-tourn"]
[EventRounds "11"]
[EventCountry "CZE"]
[SourceTitle "EXT 2024"]
[Source "ChessBase"]
[SourceDate "2023.10.10"]
[SourceVersion "1"]
[SourceVersionDate "2023.10.10"]
[SourceQuality "1"]
[WhiteTeam "Lipa"]
[BlackTeam "Nachod Sokol"]
[WhiteTeamCountry "CZE"]
[BlackTeamCountry "CZE"]

1. d4 d5 2. c4 e6 3. Nc3 Nf6 4. Nf3 Be7 5. Bg5 0-0 6. e3 b6 7. cxd5 exd5 8. Bd3 Bb7 9. Qc2 h6 10. Bh4 Nbd7 11. 0-0 c5 12. Rac1 Ne4 13. Bxe7 Qxe7 14. dxc5 Ndxc5 15. Nd4 Rac8 16. Qe2 Rfd8 17. Rfd1 Qh4 18. g3 Qf6 19. Nxe4 1/2-1/2

[Event "Hradec Kralove Region-chT 0506"]
[Site "Czech Republic"]
[Date "2006.03.05"]
[Round "9.6"]
[White "Kaisler, Martin"]
[Black "Buchar, Petr"]
[Result "0-1"]
[WhiteElo "2127"]
[BlackElo "2078"]
[PlyCount "118"]
[EventDate "2005.10.23"]
[EventType "team-tourn"]
[EventRounds "11"]
[EventCountry "CZE"]
[SourceTitle "EXT 2024"]
[Source "ChessBase"]
[SourceDate "2023.10.10"]
[SourceVersion "1"]
[SourceVersionDate "2023.10.10"]
[SourceQuality "1"]
[WhiteTeam "Lipa"]
[BlackTeam "Vrchlabi"]
[WhiteTeamCountry "CZE"]
[BlackTeamCountry "CZE"]

1. d4 f5 2. c4 g6 3. Nc3 Nf6 4. g3 Bg7 5. Bg2 d6 6. Nf3 0-0 7. 0-0 Qe8 8. b3 c6 9. Ba3 Na6 10. Qc2 Bd7 11. e4 fxe4 12. Nxe4 Bf5 13. Nxf6+ Bxf6 14. Qd2 Qf7 15. h3 Rae8 16. Rad1 Be4 17. Ng5 Bxg5 18. Qxg5 Bxg2 19. Kxg2 Qf3+ 20. Kg1 Rf5 21. Qd2 Rh5 22. Qd3 Qxd3 23. Rxd3 Rxh3 24. Re1 Nc7 25. Bb4 Rh5 26. g4 Rh4 27. Rg3 Kf7 28. Rf3+ Kg8 29. Rg3 Kf7 30. Bd2 h5 31. f3 hxg4 32. fxg4 Reh8 33. Kf2 Rh2+ 34. Ke3 R8h3 35. Rf1+ Ke8 36. Rff3 Rxg3 37. Rxg3 Ne6 38. a3 Nxd4 39. Kxd4 Rxd2+ 40. Ke3 Rb2 41. Kf4 Kf7 42. Kg5 Re2 43. Kh6 Rf2 44. Kg5 e5 45. Rh3 Kg7 46. Rd3 Rf6 47. Re3 Re6 48. b4 d5 49. cxd5 cxd5 50. Rc3 Re7 51. Rc5 Rd7 52. a4 d4 53. Rxe5 d3 54. Re1 d2 55. Rd1 Rd4 56. b5 b6 57. Kh4 Kf6 58. Kg3 Kg5 59. Kf3 Rd7 0-1

[Event "Hradec Kralove Region-chT 0506"]
[Site "Czech Republic"]
[Date "2006.02.05"]
[Round "7.6"]
[White "Kaisler, Martin"]
[Black "Prazak, Pavel"]
[Result "1-0"]
[WhiteElo "1995"]
[BlackElo "1817"]
[PlyCount "71"]
[EventDate "2005.10.23"]
[EventType "team-tourn"]
[EventRounds "11"]
[EventCountry "CZE"]
[SourceTitle "EXT 2024"]
[Source "ChessBase"]
[SourceDate "2023.10.10"]
[SourceVersion "1"]
[SourceVersionDate "2023.10.10"]
[SourceQuality "1"]
[WhiteTeam "Lipa"]
[BlackTeam "Lipa II"]
[WhiteTeamCountry "CZE"]
[BlackTeamCountry "CZE"]

1. d4 Nf6 2. c4 e6 3. Nc3 b6 4. f3 d5 5. Bg5 Be7 6. e3 0-0 7. Bd3 h6 8. Bh4 c5 9. Nge2 Nc6 10. dxc5 bxc5 11. cxd5 exd5 12. Bxf6 Bxf6 13. Nxd5 Bxb2 14. Rb1 Qa5+ 15. Qd2 Qxd2+ 16. Kxd2 Be5 17. Rhc1 Bd6 18. g3 Nb4 19. Bc4 Bb7 20. Nec3 Rfd8 21. e4 Be5 22. Ke2 Rab8 23. Nxb4 cxb4 24. Rxb4 Rdc8 25. Ke3 Rd8 26. Bd5 Ba6 27. Rxb8 Rxb8 28. Na4 Rb4 29. Nc5 Bb5 30. Nb3 Ra4 31. Rc8+ Kh7 32. f4 Bd6 33. Bxf7 Rxa2 34. f5 Re2+ 35. Kf3 Rxh2 36. Bg6# 1-0

[Event "Hradec Kralove Region-chT 0506"]
[Site "Czech Republic"]
[Date "2005.11.27"]
[Round "3.6"]
[White "Kaisler, Martin"]
[Black "Bem, David"]
[Result "1-0"]
[WhiteElo "1995"]
[BlackElo "1797"]
[PlyCount "57"]
[EventDate "2005.10.23"]
[EventType "team-tourn"]
[EventRounds "11"]
[EventCountry "CZE"]
[SourceTitle "EXT 2024"]
[Source "ChessBase"]
[SourceDate "2023.10.10"]
[SourceVersion "1"]
[SourceVersionDate "2023.10.10"]
[SourceQuality "1"]
[WhiteTeam "Lipa"]
[BlackTeam "Dvur Kralove nad Labem"]
[WhiteTeamCountry "CZE"]
[BlackTeamCountry "CZE"]

1. d4 Nf6 2. c4 g6 3. Nc3 Bg7 4. e4 d6 5. f3 0-0 6. Be3 e5 7. d5 c6 8. Nge2 cxd5 9. cxd5 a6 10. Nc1 b5 11. Nd3 Bd7 12. a4 bxa4 13. Nxa4 Bb5 14. Be2 Nbd7 15. 0-0 Nh5 16. Nb4 Nf4 17. Bxb5 axb5 18. Nc3 Rxa1 19. Qxa1 Qg5 20. Bxf4 exf4 21. Nxb5 Rb8 22. Qa5 Bxb2 23. Nc6 Rf8 24. Nxd6 Qf6 25. Nc4 Bd4+ 26. Kh1 h5 27. Qc7 Nc5 28. e5 Qf5 29. Ne7+ 1-0